Statystyki dla Skład Realu Sociedad w La Liga 2023/24

Kliknij tutaj aby rozwiązać quiz!

Ogólne statystyki

  • Ten quiz został rozwiązany 10 razy
  • Średni wynik to 10 z 32

Statystyki odpowiedzi

NumerZawodnik% Poprawnych
8Mikel Merino
100%
10Mikel Oyarzabal
100%
1Alex Remiro
89%
24Robin Le Normand
78%
21David Silva
67%
3Martin Zubimendi
56%
14Takefusa Kubo
56%
7Ander Barrenetxea
44%
6Aritz Elustondo
44%
9Carlos Fernandez
44%
5Igor Zubeldia
44%
20Jon Pacheco
44%
23Brais Mendez
33%
11Momo Cho
33%
25Umar Sadiq
33%
19Alexander Sorloth
22%
12Alhen Munoz
22%
22Benat Turrientes
22%
31Jon Ander Olasagasti
22%
32Unai Marrero
22%
16Ander Guevara
11%
28Ander Martin
11%
18Andoni Gorosabel
11%
4Asier Illarramendi
11%
2Alex Sola
0%
13Andoni Zabiaurre
0%
26Aritz Arambarri
0%
15Diego Rico
0%
33Jon Karrikaburu
0%
34Jon Magunazelaia
0%
17Robert Navarro
0%
30Urko Gonzalez de Zarate
0%

Rozkład punktacji

Percentyl według liczby udzielonych odpowiedzi

Procent ludzi z każdym wynikiem

Twoja historia wyników

Nie rozwiązałeś tego quizu